CRC Handbook series in organic electrochemistry /
Guardado en:
| Autores Principales: | , , , , |
|---|---|
| Formato: | Libro |
| Idioma: | English |
| Publicado: |
West Palm Beach, Florida :
CRC press,
[1978]
|
| Series: | CRC handbook series
|
| Materias: | |
| Etiquetas: |
Agregar Etiqueta
Sin Etiquetas, Sea el primero en etiquetar este registro!
|
| LEADER | 01545nam a22003015a 4500 | ||
|---|---|---|---|
| 001 | EUN.eunm009103 | ||
| 008 | 041125s1978####xxu###########000#0#eng#d | ||
| 005 | 20230602095421.0 | ||
| 245 | 1 | 0 | |a CRC Handbook series in organic electrochemistry / |c Louis Meites [et al.]. |
| 260 | |a West Palm Beach, Florida : |b CRC press, |c [1978] | ||
| 300 | |a v. ; |c 32 cm. | ||
| 490 | 1 | |a CRC handbook series | |
| 500 | |a La biblioteca tiene solamente el v. 3. | ||
| 500 | |a Autores del v. 3: Louis Meites, Petr Zuman, Elinore B. Rupp, Theodore L. Fenner, Ananthakrishnan Narayanan. | ||
| 505 | 0 | |a Vol. 3. Arrangement and Use of the Tables -- Table 1. Electrochemical Data -- Table 2. Structural Formulas -- Table 3. Courses and Mechanisms of Half-reactions -- Table 4. Compounds Included in Table 1 -- Table 5. Functional-group Index -- Table 6. Index of Solvents Employed -- Table 7. Index of Techniques Employed -- Table 8. Index of Indicator Electrodes Employed -- Table 9. Key to Literature Citations -- Table 10. Author Index -- Corrigenda for Volumes 1 and 2. | |
| 020 | |a 08490372208 (obra completa) | ||
| 020 | |a 0849372232 (v. 3) | ||
| 700 | 1 | |a Meites, Louis. |4 aut | |
| 700 | 1 | |a Zuman, Petr. |4 aut | |
| 700 | 1 | |a Rupp, Elinore B. |4 aut | |
| 700 | 1 | |a Fenner, Theodore L. |4 aut | |
| 700 | 1 | |a Ananthakrishnan Narayanan. |4 aut | |
| 830 | 0 | |a CRC handbook series | |
| 082 | 0 | 4 | |a 541.37 |
| 082 | 0 | 4 | |a 547 |
| 650 | 1 | 7 | |a Electroquímica. |2 unbist |
| 650 | 2 | 7 | |a Química orgánica. |2 unbist |
| 859 | |a AR-BaUNS |b BIB. CENTRAL - Sector A |h 541.37 |i M479 |p 87886/981 |v 3 |3 Vol. 3 | ||
